| 000 | 00887nam a22002417a 4500 | ||
|---|---|---|---|
| 005 | 20111104115651.0 | ||
| 008 | 111104t xxu||||| |||| 00| 0 eng d | ||
| 010 | _aENG-104036 | ||
| 020 |
_a9788124116401 _c695.00 |
||
| 035 | _aEN-87569 | ||
| 037 | _bDBAD/PUB | ||
| 040 |
_aDPL _bEng |
||
| 082 | _a620.00151 | ||
| 100 |
_935683 _aMittal, P.K. |
||
| 245 |
_aSpecial functions : _cby P.K. Mittal [and] Jai Dev Anand _bfor physicists and engineers / |
||
| 250 | _arev. ed | ||
| 260 |
_aNew Delhi _bHar-Anand Publications _c2011 |
||
| 270 |
_aE-49/3, Okhla Industrial Area, Phase-II _bNew Delhi _e110020 |
||
| 300 |
_axi,246p. _c22cm (Hb) |
||
| 700 |
_935668 _aAnand, Jai Dev |
||
| 942 |
_2ddc _cEN _h620.00151 _mMIT |
||
| 999 |
_c58109 _d58109 |
||